000 00695nam a22002417a 4500
003 UA-OsUOA
001 93961
007 ta
008 20130131b un ||||| |||| 00| 0 ukr d
090 _a82.09(477)
_bЧ-68
942 _cBK
040 _aUA-OsUOA
_bukr
_cUA-OsUOA
_dUA-OsUOA
245 _aЧистому серцем
_cПоліщук В.
300 _a174 с.
955 _a2
041 _aukr
080 _a82.09(477)
020 _a978-966-493-334-3
260 _aЧеркаси
_bЮ. Чабаненко
_c2010
246 3 1 _aПам'яті Василя Доманицького
_n
650 7 _a82 Література. Літературознавство
_2UDC
999 _c380197
_d380197